Les Succédanés des fourrages / par Albert Lhoste
Descripción Física:
96 p. ; 18 cm
MARC
| LEADER | 00000nam a2200000Ia 4500 | ||
|---|---|---|---|
| 001 | 14464 | ||
| 008 | 160829s1918 xx 000 0 cat d | ||
| 080 | |a C-2-270 | ||
| 100 | |a Lhoste, Albert |9 24969 | ||
| 245 | |a Les Succédanés des fourrages / par Albert Lhoste | ||
| 260 | |a Paris : |b J.B. Baillière, |c 1918 | ||
| 300 | |a 96 p. ; |c 18 cm | ||
| 650 | |a Pinsos |9 24970 | ||
| 650 | |a Animals |x Alimentació |9 24971 | ||
| 901 | |a Arxiu | ||
| 942 | |n 1 | ||
| 952 | |0 0 |1 0 |4 0 |6 C2270 |7 1 |9 43394 |a Arxiu |b Arxiu |d 2016-12-01 |l 0 |o C-2-270 |p 14464 |r 2016-12-01 00:00:00 |w 2016-12-01 |y ARXIU | ||
| 999 | |c 45940 |d 45940 | ||